000 01137nam a22001937a 4500
999 _c62046
_d62046
003 Ge_BSU
005 20240627105715.0
008 240627s1955 ge ||||| |||| 00| 0 geo d
041 _ageo
080 _a591.69-9(479.22) რ-73
100 _aროდონაია, თ.
_922604
245 _aმტაცებელ ცხოველთა სავეტერინარო-სამედიცინო მნიშვნელობის პარაზიტი ჭიები საქართველოში /
_cთ. როდონაია; რედ. ბ. ყურაშვილი.
264 _aთბ. :
_bსაქ. სსრ მეცნ. აკად. გამ-ბა და სტ.,
_c1955.
300 _a34 გვ. :
_bილ. ;
_c20 სმ.
490 _aმეცნიერულ-პოპულარული სერია
653 _aმტაცებელი ცხოველების პარაზიტი ჭიები საქართველოში
700 _a ყურაშვილი, ბ.
_eრედაქტორი
_922605
942 _2udc
_cᲬᲘᲒᲜᲘ